00430nam a2200145Ia 4500008004100000040001800041041000800059100002200067245007100089250001200160260004800172300001800220500002900238650001700267130821s1947 ck gr dspa  aCo-BoUCMbspa aspa aAriza, Alberto E. aArzobispos y obispos dominicos en ColombiacFray. Alberto E. Ariza a3a. ed. aBogotá (Colombia)bEditorial Centroc1947 a109 páginas aNotas al pie de página04aBiografías